| 000 | 00394nam a22001697a 4500 | ||
|---|---|---|---|
| 003 | OSt | ||
| 008 | 250421b |||||||| |||| 00| 0 eng d | ||
| 020 | _a9789355518149 | ||
| 082 | _a005.368 MUP | ||
| 100 | _aMURRAY,Alan | ||
| 245 | _aPower BI for Jobseekers | ||
| 250 | _a1st Ed | ||
| 260 |
_aNew Delhi _bBPB _c2025 |
||
| 300 | _a505 | ||
| 650 | _aPower BI for Jobseekers | ||
| 942 |
_2ddc _cBK |
||
| 999 |
_c13358 _d13358 |
||